000 00461nam a2200181Ia 4500
008 100917s9999 xx 000 0 und d
082 _b9575
100 _aजोशी मृणालिनी
245 _aमुक्ताई
260 _b---
_c1971
300 _a228
365 _b10
520 _aकादंबरी
630 _aमुक्ताई
650 _aकादंबरी
730 _aमुक्ताई
942 _cBOOK
999 _c614969
_d614966